Elena sabe /

Guardado en:
Autor Principal: Piñeiro, Claudia
Formato: Libro
Publicado: Buenos Aires : Aguilar, 2007
Materias:
Etiquetas: Agregar Etiqueta
Sin Etiquetas, Sea el primero en etiquetar este registro!
LEADER 00553nam a22002055a 4500
001 CEM.cems014096
005 20130918162513.0
008 130507s2007##################000#0#####d
003 CEMS
020 |a 9789870701248 
082 0 4 |a A863.4 
100 1 |a Piñeiro, Claudia 
245 1 0 |a Elena sabe /  |c Claudia Piñeiro 
260 |a Buenos Aires :  |b Aguilar,  |c 2007 
300 |a 176 p. 
653 |a Literatura argentina 
653 |a Narración 
653 |a Novela 
653 |a Novela policial 
859 |a CEMS  |b BIB. CEMS - 11 de abril  |h A863.4  |i P658-2  |p 26717.13  |t Ej.1